00660nam a2200241 a 4500001001300000003000900013005001700022008004100039020001000080082001400090100001600104245003300120260004500153300000900198500003500207505002000242650001600262700001600278902000800294942000700302952009400309999001500403nice12345678IN_TiNIC20260116011620.0080505s1941 lona grp 000 0 eng  ac10000a232bMAR1 aMartin, A D aA Plain Man`s Life of Christ aLondonbGeorge Allen and Unwin Ltdc1941 a229p aincludes index and biblioraphy2 aAppendix, Index aChristology1 aMartin, A D bSRS cBK 00104070aHMIbHMId2008-05-05g100.00l0o232 MAR1p3974r2008-05-05w2026-01-16yARB c2904d2904